I-less states - Statistics

General Stats
  • This quiz has been taken 46 times
  • The average score is 20 of 22
Answer Stats
Answer % Correct
Alaska
100%
New York
98%
North Dakota
98%
South Dakota
98%
Alabama
95%
Arkansas
95%
Kansas
95%
Oregon
95%
Texas
95%
Delaware
93%
Kentucky
93%
Montana
93%
Tennessee
93%
Nebraska
91%
New Jersey
91%
Utah
91%
Vermont
91%
Colorado
89%
Massachusetts
89%
Maryland
84%
Nevada
82%
Oklahoma
77%
No matching quizzes found
Score Distribution
Percent of People with Each Score
Percentile by Number Answered
Your Score History
You have not taken this quiz